00666nam a2200145 a 450000100100000000500170001000800410002704000250006808200150009311000770010824501820018526000910036730000310045870000310048900002976920200930055806.0110425s2007 dr d 000 0 spa d aDO-SdBNPbspacBNPHU axxxbR426r1 aRepública DominicanabJunta Central ElectoralbCámara Administrativa10aResultados de la supervisión y fiscalización de las primarias internas de electores del Partido Reformista Social Cristiano PRSC /cpresentación Roberto Rosario Márquez. aSanto Domingo :bCámara Administrativa :bDirección Nacional de Elecciones,c2007. a28 p. :bdiagrs. ;c28 cm.1 aRosario Márguez, Roberto